000 01137nam a22003257a 4500
003 CHAP
005 20220329135224.0
008 971013s1983 r 00010 d
010 _a32880
011 _a33852
035 _a37968
040 _cCHAP
090 _aTesis
100 0 0 _aLópez Sánchez, Gerardo.
_968350
245 _aDeterminación de la frecuencia de portadores sanos de salmonelosis el el personal que labora en el rastro municipal de Texcoco a través de la técnica de coprocultivo
260 _aMéxico, D. F. :
_bEl autor,
_c1983
300 _a30 h.
502 _aTesis (Médico Veterinario Zootecnista) -- UNAM. Fac. de Medicina Veterinaria y Zootecnia
590 _aALEPH
_b10
_c20130110
_lUCH01
_h1256
590 _aBATCH-UPD
_b10
_c20130110
_lUCH01
_h1002
590 _aBATCH-UPD
_b10
_c20130410
_lUCH01
_h0613
590 _aBATCH-UPD
_b10
_c20130914
_lUCH01
_h1802
590 _aCONVERSION
_b10
_c20130109
_lUCH01
_h1318
650 1 4 _aMataderos.
_972885
650 1 4 _aSalmonella.
_9101764
650 1 4 _aSerodiagnóstico.
_9105179
901 _aBK
942 _cTESIS
949 _bBC
_cTES
_d-86971
_eTS1
_i37968
_si
999 _c32880
_d32880